Statistics for Largest Colleges or Universities in Iowa

Click here to take the quiz!

General Stats

  • This quiz has been taken 720 times
  • The average score is 5 of 15

Answer Stats

HintAnswer% Correct
2.Iowa State University
99%
1.University of Iowa
91%
3.University of Northern Iowa
78%
4.Drake University
70%
8.Luther College
33%
14.Simpson College
31%
7.Buena Vista University
23%
9.Grand View University
19%
12.Morningside College
18%
6.Northwestern College
16%
13.University of Dubuque
13%
11.William Penn University
12%
15.Mount Mercy University
10%
5.Saint Ambrose University
5%
10.Palmer College of Chiropractic
3%

Score Distribution

Percentile by Number Answered

Percent of People with Each Score

Your Score History

You have not taken this quiz